Normal view
MARC view
- COMPUTERS / Database Management / General
Entry Topical Term
001 - CONTROL NUMBER
- control field: 100337
003 - CONTROL NUMBER IDENTIFIER
- control field: NUST
005 - DATE AND TIME OF LATEST TRANSACTION
- control field: 20221014151115.0
008 - FIXED-LENGTH DATA ELEMENTS
- fixed length control field: 221014|| aca||aabn | a|a d
040 ## - CATALOGING SOURCE
- Original cataloging agency: NUST
- Transcribing agency: NUST
150 ## - HEADING--TOPICAL TERM
- Topical term or geographic name entry element: COMPUTERS / Database Management / General
670 ## - SOURCE DATA FOUND
- Source citation: Work cat.: (NUST)189435: Heider, Joseph 100336, Database Administration fundamentals, 2012.
